The criminal justice system and women: Offenders, prisoners, victimes, and workers

সংরক্ষণ করুন:
গ্রন্থ-পঞ্জীর বিবরন
বিন্যাস: গ্রন্থ
ভাষা:Undetermined
প্রকাশিত: Boston, MA McGraw-Hill 2004
বিষয়গুলি:
ট্যাগগুলো: ট্যাগ যুক্ত করুন
কোনো ট্যাগ নেই, প্রথমজন হিসাবে ট্যাগ করুন!
Thư viện lưu trữ: Trung tâm Học liệu Trường Đại học Cần Thơ
LEADER 00707nam a2200205Ia 4500
001 CTU_57391
008 210402s9999 xx 000 0 und d
020 |b 853000 
082 |a 364.0820973 
082 |b C929 
245 4 |a The criminal justice system and women: Offenders, prisoners, victimes, and workers 
245 0 |c Edited by Barbara Raffel Price and Natalie J. Sokoloff 
260 |a Boston, MA 
260 |b McGraw-Hill 
260 |c 2004 
650 |a sex discrimination in criminal justice administration,female offenders,women 
650 |x criminal against 
650 |z united states,united states,united states 
904 |i Minh 
980 |a Trung tâm Học liệu Trường Đại học Cần Thơ